Statistics for provinces of iraq

Click here to take the quiz!

General Stats

  • This quiz has been taken 51 times
  • The average score is 5 of 18

Answer Stats

HintAnswer% Correct
bBaghdad
85%
aAl-Anbar
56%
aAn-Najaf
41%
bBabil
41%
dDiyala
37%
kKarbala
37%
aArbil
33%
dDhiQar
22%
mMaysan
22%
wWasit
22%
aAl-Muthanna
19%
nNinawa
15%
sSalah Ad-Din
15%
aAl-Basrah
11%
dDahuk
11%
aAs-Sulaymaniyyah
4%
aAt-Tamim
4%
aAl-Qadisyyah
0%

Score Distribution

Percentile by Number Answered

Percent of People with Each Score

Your Score History

You have not taken this quiz